Normal view MARC view
  • Transcultural nursing

Entry Topical Term

Number of records used in: 7

001 - CONTROL NUMBER

  • control field: 36287

003 - CONTROL NUMBER IDENTIFIER

  • control field: OSt

005 - DATE AND TIME OF LATEST TRANSACTION

  • control field: 20141021123917.0

008 - FIXED-LENGTH DATA ELEMENTS

  • fixed length control field: 141021|| aca||babn | a|a d

040 ## - CATALOGING SOURCE

  • Original cataloging agency: OSt

150 ## - HEADING--TOPICAL TERM

  • Topical term or geographic name as entry element: Transcultural nursing

450 ## - SEE FROM TRACING--TOPICAL TERM

  • Topical term or geographic name entry element: Cross-cultural nursing

450 ## - SEE FROM TRACING--TOPICAL TERM

  • Topical term or geographic name entry element: Nursing

550 ## - SEE ALSO FROM TRACING--TOPICAL TERM

  • Topical term or geographic name entry element: Transcultural medical care